Programación en Pascal / (Record no. 85945)

MARC details
000 -LEADER
campo de control de longitud fija 00699nam a2200193 i 4500
001 - NÚMERO DE CONTROL
campo de control 85945
003 - IDENTIFICADOR DE NÚMERO DE CONTROL
campo de control ES-MaACL
005 - FECHA Y HORA DE LA ÚLTIMA TRANSACCIÓN
campo de control 20230906175337.0
007 - CAMPO FIJO DE DESCRIPCIÓN FÍSICA--INFORMACIÓN GENERAL
campo de control de longitud fija t|
008 - DATOS DE LONGITUD FIJA--INFORMACIÓN GENERAL
campo de control de longitud fija 041203s1984 sp ||||1| spa d
100 1# - ENTRADA PRINCIPAL--NOMBRE DE PERSONA
Nombre de persona Keller, Arthur M.
9 (RLIN) 67760
245 10 - MENCIÓN DEL TÍTULO
Título Programación en Pascal /
Mención de responsabilidad, etc. Arthur M. Keller ; traducción, Gonzalo León Serrano, José María Vela Bermúdez ; revisión tecnica, Antonio Vaquero Sánchez.
260 ## - PUBLICACIÓN, DISTRIBUCIÓN, ETC.
Lugar de publicación, distribución, etc. Madrid :
Nombre del editor, distribuidor, etc. McGraw-Hill,
Fecha de publicación, distribución, etc. [1984]
300 ## - DESCRIPCIÓN FÍSICA
Extensión XIII, 304 p. :
Otras características físicas il. ;
Dimensiones 28 cm.
700 1# - ENTRADA AGREGADA--NOMBRE PERSONAL
Nombre de persona León Serrano, Gonzalo.
9 (RLIN) 71643
700 1# - ENTRADA AGREGADA--NOMBRE PERSONAL
Nombre de persona Vela Bermúdez, José María.
9 (RLIN) 113682
700 1# - ENTRADA AGREGADA--NOMBRE PERSONAL
Nombre de persona Vaquero Sánchez, Antonio.
9 (RLIN) 113103
852 ## - LOCALIZACIÓN
Ubicación ES-MaACL
Número de control de estantería L-6334
Sublocalización o colección R.107143
Holdings
Estatus retirado Estado de pérdida Estado de daño No para préstamo Biblioteca de origen Biblioteca actual Ubicación en estantería Fecha de adquisición Fuente de adquisición Total de préstamos Signatura topográfica completa Código de barras Visto por última vez Precio de reemplazo Tipo de ítem Koha
        Biblioteca del Ateneo de Madrid Biblioteca del Ateneo de Madrid Depósito 2 17/01/2008     L-6334 1089811 23/02/2023 23/02/2023 Libro impreso